Explorations : an introduction to astronomy
Tallennettuna:
| Päätekijä: | |
|---|---|
| Aineistotyyppi: | Kirja |
| Kieli: | englanti |
| Julkaistu: |
McGraw Hill Education
2020
|
| Tagit: |
Lisää tagi
Ei tageja, Lisää ensimmäinen tagi!
|
MARC
| LEADER | 00000nam a22000007a 4500 | ||
|---|---|---|---|
| 008 | 230926b |||||||| |||| 00| 0 eng d | ||
| 020 | |a 978126055898 | ||
| 100 | |a ARNY, Thomas T. |a Schneider, Stephen E. | ||
| 245 | |a Explorations |b : an introduction to astronomy |c /Thomas T. Arny |g xxviii,524p;ill | ||
| 250 | |b 9th | ||
| 260 | |b McGraw Hill Education |c 2020 |h New York |i 700614 |i 700615 |i 700616 |l QB45.2.Ar6 |m Astronomy - Textbooks | ||
| 500 | |a it includes index. | ||
| 942 | |a lcc |c BK |e Johnson |f 26/09/23 | ||
| 952 | |0 0 |1 0 |2 lcc |4 0 |6 QB00452 A R6 |7 0 |9 4499 |a SL |b HOL |c QZ |d 2023-09-26 |l 0 |o QB45.2.Ar6 |p 2023-0420 |r 2023-09-26 00:00:00 |t 700614 |w 2023-09-26 |y BK | ||
| 952 | |0 0 |1 0 |2 lcc |4 0 |6 QB00452 A R6 |7 0 |9 4500 |a HOL |b HOL |c QZ |d 2023-09-26 |l 0 |o QB45.2.Ar6 |p 2023-0421 |r 2023-09-26 00:00:00 |t 700615 |w 2023-09-26 |y BK | ||
| 952 | |0 0 |1 0 |2 lcc |4 0 |6 QB00452 A R6 |7 0 |9 4501 |a HOL |b HOL |c QZ |d 2023-09-26 |l 0 |o QB45.2.Ar6 |p 2023-0422 |r 2023-09-26 00:00:00 |t 700616 |w 2023-09-26 |y BK | ||
| 999 | |c 2252 |d 2252 | ||